Statistics for MLB 2022 Stats Leaders

Click here to take the quiz!

General Stats

  • This quiz has been taken 433 times
  • The average score is 48 of 90

Answer Stats

WAR (Position Players)Player% Correct
10.6Aaron Judge
96%
.311Aaron Judge
96%
62Aaron Judge
96%
131Aaron Judge
96%
177Aaron Judge
96%
2.33Shohei Ohtani
90%
219Shohei Ohtani
90%
6.1Shohei Ohtani
90%
1.75Justin Verlander
82%
5.9Justin Verlander
82%
40Mike Trout
82%
.325Freddie Freeman
77%
199Freddie Freeman
77%
257Gerrit Cole
76%
6.4Mookie Betts
73%
35Mookie Betts
73%
35Paul Goldschmidt
73%
178Paul Goldschmidt
73%
.317Paul Goldschmidt
73%
115Paul Goldschmidt
73%
7.8Paul Goldschmidt
73%
7.9Nolan Arenado
71%
103Nolan Arenado
71%
194Trea Turner
71%
.316Luis Arraez
70%
131Pete Alonso
69%
40Pete Alonso
69%
207Sandy Alcantara
68%
2.28Sandy Alcantara
68%
8.1Sandy Alcantara
68%
5.3Max Scherzer
66%
30Gregory Soto
64%
102Manny Machado
64%
6.8Manny Machado
64%
.326Jeff McNeil
63%
46Kyle Schwarber
62%
175Vladimir Guerrero Jr.
62%
32Edwin Diaz
60%
37Yordan Alvarez
58%
.306Yordan Alvarez
58%
6.8Yordan Alvarez
58%
107Francisco Lindor
55%
42Emmanuel Clase
52%
126Jose Ramirez
52%
38Austin Riley
51%
6.5Austin Riley
51%
103Matt Olson
50%
243Corbin Burnes
49%
2.20Dylan Cease
49%
6.4Dylan Cease
49%
227Dylan Cease
49%
36Josh Hader
49%
2.16Julio Urias
49%
189Bo Bichette
48%
.307Xander Bogaerts
48%
235Aaron Nola
43%
6.0Aaron Nola
43%
2.57Tyler Anderson
43%
41Kenley Jansen
41%
2.48Max Fried
41%
5.9Max Fried
41%
237Carlos Rodon
38%
5.4Carlos Rodon
38%
107Kyle Tucker
38%
5.9Alek Manoah
37%
2.24Alek Manoah
37%
177Dansby Swanson
36%
5.1Zac Gallen
35%
2.54Zac Gallen
35%
.304Jose Abreu
34%
183Jose Abreu
34%
205Kevin Gausman
33%
37Liam Hendricks
32%
2.54Shane McClanahan
32%
212Robbie Ray
31%
102CJ Cron
30%
6.5JT Realmuto
29%
36Christian Walker
28%
7.2Andres Gimenez
26%
36Jordan Romano
26%
31Taylor Rogers
25%
6.3Tommy Edman
25%
.302Nathaniel Lowe
23%
179Nathaniel Lowe
23%
33Ryan Pressly
23%
205Charlie Morton
21%
180Amed Rosario
19%
.304Andrew Benintendi
19%
36Daniel Bard
19%
35Rowdy Tellez
19%

Score Distribution

Percentile by Number Answered

Percent of People with Each Score

Your Score History

You have not taken this quiz